| 000 | 00441nam a22001817a 4500 | ||
|---|---|---|---|
| 003 | OSt | ||
| 005 | 20150114213002.0 | ||
| 008 | 141208b xxu||||| |||| 00| 0 eng d | ||
| 040 | _cBMC | ||
| 082 | _a891.7 | ||
| 100 | 1 |
_929703 _aGorki, Máximo _d1868-1936 |
|
| 245 | 1 | 3 |
_aLa madre _cMáximo Gorki |
| 260 |
_aMadrid _bLibra _c1971 |
||
| 300 |
_a2 v. _c17 cm |
||
| 490 |
_aPúrpura _v68, 69 |
||
| 650 | 2 | 4 |
_929314 _aNovela rusa |
| 942 |
_2ddc _cBK |
||
| 999 |
_c16920 _d16920 |
||